00771nam a22002291a 450000100060000000300080000600500170001400800410003103500190007204000270009104100080011808200220012610000180014824501260016626000320029230000310032450400200035561000480037565000240042365100470044765100470049425228BD-RjUL20211209050841.0140316s1963 enkc 00110 eng d a(BD-RjUL)25297 aANLbengcANLdBD-RjUL aeng00a941.084bSPF 19631 aSpier, Eugen.10aFocus :ba footnote to the history of the thirties /cby Eugen Spier ; with an introduction by Lady Violet Bonham Carter. aLondon :bO. Wolff,cc1963. a159 p. :bports. ;c23 cm. aIncludes index.23aFocus for the Defence of Freedom and Peace. 0aAnti-Nazi movement. 0aGreat BritainxForeign relationszGermany. 0aGermanyxForeign relationszGreat Britain.